| 000 | 00624nam a22002177a 4500 | ||
|---|---|---|---|
| 001 | 74679 | ||
| 003 | BD-RjUL | ||
| 005 | 20211209082604.0 | ||
| 008 | 181118s1954 ||||| |||| 00| 0 eng d | ||
| 035 | _a(BD-RjUL)74897 | ||
| 040 |
_aBD-RjUL _beng _cBD-RjUL |
||
| 041 | _aeng | ||
| 082 |
_223 _a570 _bSME 1954 |
||
| 100 |
_aSmith, Ella Thea. _9225021 |
||
| 245 |
_aExploring biology / _cElla Thea Smith ; drawings by Marion A. Cox. |
||
| 260 |
_aNew York : _bHarcourt, Brace, _c1954. |
||
| 300 |
_a595 pages : _billustrations ; _c24 cm. |
||
| 650 |
_aBiology _9225022 |
||
| 700 |
_aCox, Marion A. _9225027 |
||
| 942 |
_2ddc _cBK |
||
| 999 |
_c74679 _d74679 |
||